000 01176nam a22001457a 4500
999 _c522442
_d522442
008 230411b ||||| |||| 00| 0 eng d
100 _aSaccardo,Silvia and Garcia, Marta Serra
_940051
245 _aEnabling or limiting cognitive flexibility: Evidence of demand for moral commitment
260 _aThe American: Economic Reviews
300 _a113(2), Feb, 2023: p. 396-429
520 _aMoral behavior is more prevalent when individuals cannot easily distort their beliefs self-servingly. Do individuals seek to limit or enable their ability to distort beliefs? How do these choices affect behavior? Experiments with over 9,000 participants show preferences are heterogeneous—30 percent of participants prefer to limit belief distortion, while over 40 percent prefer to enable it, even if costly. A random assignment mechanism reveals that being assigned to the preferred environment is necessary for curbing or enabling self-serving behavior. Third parties can anticipate these effects, suggesting some sophistication about the cognitive constraints to belief distortion.- Reproduced
773 _aThe American: Economic Reviews
906 _aMORALITY
942 _cAR